[Event "DVM U20w 2012"]
[Site "Osnabrück GER"]
[Date "2012.12.30"]
[Round "7"]
[White "Kaden, Romy"]
[Black "Schulz, Anja"]
[Result "0-1"]
[Termination "normal"]
[Board "2.1"]
[WhiteElo "1628"]
[BlackElo "2076"]
[WhiteTeam "Chemnitzer SC Aufbau"]
[BlackTeam "SC Ladja Roßdorf"]
[WhiteFideId "12931616"]
[BlackFideId "24647845"]
[EventCountry "GER"]
[EventRounds "7"]
[EventType "team-swiss"]
[EventDate "2012.12.26"]

1. e4 c5 2. c3 Nf6 3. e5 Nd5 4. d4 cxd4 5. Nf3 d6 6. cxd4 Nc6 7. Bc4 Nb6 8. Bb5
dxe5 9. Nxe5 Bd7 10. Nxd7 Qxd7 11. Nc3 Rd8 12. Be3 g6 13. O-O Bg7 14. Qf3 O-O
15. Rfd1 e6 16. Bxc6 bxc6 17. Ne4 Nd5 18. Rac1 Qb7 19. b3 Qa6 20. Rd2 Qb6 21.
h3 f5 22. Bg5 fxe4 23. Bxd8 exf3 24. Bxb6 axb6 25. Rxc6 Nf4 26. g3 Ne2+ 27. Kf1
Nxd4 28. Rxb6 Rc8 29. Ke1 Rc1+ 30. Rd1 Nc2+ 31. Kd2 Bh6+ 32. Kc3 Rxd1 33. Kxc2
Rd2+ 34. Kc3 Rxf2 35. Rxe6 Re2 36. Rf6 f2 0-1

[Event "DVM U20w 2012"]
[Site "Osnabrück GER"]
[Date "2012.12.30"]
[Round "7"]
[White "Tran, My Linh"]
[Black "Nitzsche, Pia"]
[Result "1/2-1/2"]
[Termination "normal"]
[Board "2.2"]
[WhiteElo "2031"]
[BlackElo "1543"]
[WhiteTeam "SC Ladja Roßdorf"]
[BlackTeam "Chemnitzer SC Aufbau"]
[WhiteFideId "24682462"]
[BlackFideId "12900370"]
[EventCountry "GER"]
[EventRounds "7"]
[EventType "team-swiss"]
[EventDate "2012.12.26"]

1. d4 Nf6 2. g3 g6 3. Bg2 Bg7 4. e4 d6 5. Ne2 Nbd7 6. Nbc3 O-O 7. O-O c5 8. d5
Rb8 9. a4 a6 10. a5 b6 11. axb6 Nxb6 12. b3 Ra8 13. Bb2 Bd7 14. h3 a5 15. f4
Ra7 16. Kh2 Qb8 17. Ra2 Qc7 18. Qa1 Rfa8 19. Rf3 a4 20. bxa4 Nxa4 21. Nxa4 Rxa4
22. Rfa3 Rxa3 23. Rxa3 Rxa3 24. Qxa3 Qb8 25. Bc3 Ne8 26. Bxg7 Kxg7 27. Qc3+ Kg8
28. Nc1 Bc8 29. Nb3 Bb7 30. Na5 Qc7 31. Nb3 Qc8 32. Qa5 Qc7 33. Qxc7 Nxc7 34.
Na5 Ba6 35. Kg1 Kf8 36. Kf2 Kg7 37. Ke3 f6 38. Nc6 Kf8 39. Bf3 Bc8 40. Bg2 Ba6
41. Kd2 Ke8 42. Kc1 Kf8 43. Kb2 Ke8 44. Kb3 Bb5 45. Na5 1/2-1/2

[Event "DVM U20w 2012"]
[Site "Osnabrück GER"]
[Date "2012.12.30"]
[Round "7"]
[White "Fischer, Franziska"]
[Black "Schmalhorst, Sophia"]
[Result "0-1"]
[Termination "normal"]
[Board "2.3"]
[WhiteElo "1561"]
[BlackElo "1914"]
[WhiteTeam "Chemnitzer SC Aufbau"]
[BlackTeam "SC Ladja Roßdorf"]
[WhiteFideId "12924199"]
[BlackFideId "24682497"]
[EventCountry "GER"]
[EventRounds "7"]
[EventType "team-swiss"]
[EventDate "2012.12.26"]

1. d4 Nf6 2. e3 e6 3. Bd3 b6 4. f4 Bb7 5. Nf3 c5 6. c3 Be7 7. O-O O-O 8. Nbd2
d6 9. Ng5 Nbd7 10. Nge4 Qc7 11. Ng3 Rfe8 12. Nf3 Bf8 13. e4 cxd4 14. Nxd4 Nc5
15. Bb5 Red8 16. f5 e5 17. Nf3 Ncxe4 18. Nxe4 Bxe4 19. Qe2 d5 20. Bg5 Be7 21.
Nd2 Ne8 22. Bxe7 Qxe7 23. Bxe8 Qxe8 24. Nxe4 dxe4 25. Qxe4 f6 26. Rad1 Qb5 27.
b3 Qc5+ 28. Kh1 Qxc3 29. Rc1 Qd4 30. Qc6 Qd5 31. Qc2 Qd2 32. Qc4+ Kh8 33. Rc2
Qd3 34. h3 Qxc4 35. Rxc4 h6 36. Rf2 Rac8 37. Re4 Rc1+ 38. Kh2 Rcd1 39. Rc4 R1d2
40. Rc2 Rxf2 41. Rxf2 Kg8 42. Rc2 Rd7 43. Kg3 Kf7 44. Kf3 Ke7 45. Rc6 Kd8 46.
Rc2 Rd4 47. Ke3 Kd7 48. g3 Rd1 49. Kf3 Rd3+ 50. Kf2 Kd6 51. h4 e4 52. Rc4 Ke5
53. g4 Kf4 54. Ke2 Rh3 55. g5 Rxh4 56. gxf6 gxf6 57. a4 Rh2+ 58. Ke1 Rh3 59. b4
Ra3 0-1

[Event "DVM U20w 2012"]
[Site "Osnabrück GER"]
[Date "2012.12.30"]
[Round "7"]
[White "Görisch, Annika"]
[Black "Hartewig, Anja"]
[Result "0-1"]
[Termination "normal"]
[Board "2.4"]
[WhiteElo "825"]
[BlackElo "1823"]
[WhiteTeam "SC Ladja Roßdorf"]
[BlackTeam "Chemnitzer SC Aufbau"]
[BlackFideId "12917966"]
[EventCountry "GER"]
[EventRounds "7"]
[EventType "team-swiss"]
[EventDate "2012.12.26"]

1. e4 d6 2. d4 Nf6 3. Nc3 g6 4. Nf3 Bg7 5. g3 Nbd7 6. Bg2 O-O 7. O-O c5 8. d5
Rb8 9. Bg5 b5 10. a3 a5 11. Ne2 Nxe4 12. Rb1 Nxg5 13. Nxg5 h6 14. Nf3 b4 15. a4
Nb6 16. b3 c4 17. Ned4 Bb7 18. Ne2 Bxd5 19. Qd2 cxb3 20. cxb3 Rc8 21. Ned4 Rc3
22. Rfc1 Rxc1+ 23. Rxc1 Qd7 24. Qd3 Rc8 25. Rxc8+ Qxc8 26. Kh1 e5 27. Qb5 Qc5
28. Qxc5 dxc5 29. Ne2 Bxb3 30. h4 Bxa4 31. Nd2 c4 0-1

[Event "DVM U20w 2012"]
[Site "Osnabrück GER"]
[Date "2012.12.30"]
[Round "7"]
[White "Edel, Fenja"]
[Black "Mehling, Katharina"]
[Result "1/2-1/2"]
[Termination "normal"]
[Board "3.2"]
[WhiteElo "1635"]
[BlackElo "1826"]
[WhiteTeam "SV Lingen"]
[BlackTeam "SpVgg Stetten"]
[WhiteFideId "24696749"]
[BlackFideId "12900362"]
[EventCountry "GER"]
[EventRounds "7"]
[EventType "team-swiss"]
[EventDate "2012.12.26"]

1. e4 e6 2. d4 d5 3. exd5 exd5 4. c4 Nf6 5. Nc3 c6 6. Nf3 Bg4 7. cxd5 Nxd5 8.
Be2 Bb4 9. Qd3 Qc7 10. O-O Nxc3 11. bxc3 Bd6 12. h3 Be6 13. Qc2 h6 14. Re1 O-O
15. Bd3 Nd7 16. Bf5 Bxf5 17. Qxf5 Rfe8 18. Bd2 Nf8 19. Rab1 Ng6 20. Be3 Re6 21.
Bd2 Rae8 22. Qd3 Qd7 23. Rbd1 Rxe1+ 24. Rxe1 Rxe1+ 25. Nxe1 Qe6 26. a4 Qb3 27.
Qc2 Qxc2 28. Nxc2 Bf4 29. Ne3 Ne7 30. g3 Bc7 31. c4 Kf8 32. Bb4 Ke8 33. Kg2 Bb6
34. c5 Bc7 35. Kf3 Kd7 36. Ke4 Ke6 37. f4 f5+ 38. Kd3 Nd5 39. Nxd5 Kxd5 40. a5
h5 41. h4 a6 1/2-1/2

[Event "DVM U20w 2012"]
[Site "Osnabrück GER"]
[Date "2012.12.30"]
[Round "7"]
[White "Bosse, Lea"]
[Black "Schlichter, Lisa"]
[Result "1/2-1/2"]
[Termination "normal"]
[Board "3.3"]
[WhiteElo "1612"]
[BlackElo "1518"]
[WhiteTeam "SpVgg Stetten"]
[BlackTeam "SV Lingen"]
[WhiteFideId "12900419"]
[BlackFideId "12926396"]
[EventCountry "GER"]
[EventRounds "7"]
[EventType "team-swiss"]
[EventDate "2012.12.26"]

1. e4 c5 2. Nc3 Nc6 3. g3 g6 4. Bg2 Bg7 5. Nge2 Nf6 6. O-O O-O 7. f4 e6 8. d3
d5 9. e5 Nd7 10. g4 Nb6 11. Ng3 f6 12. exf6 Rxf6 13. f5 Rf8 14. fxg6 hxg6 15.
Nce2 e5 16. h3 Be6 17. Bd2 c4 18. dxc4 Nxc4 19. Rb1 Rxf1+ 20. Nxf1 Nxd2 21.
Qxd2 Qd7 22. Rd1 Rd8 23. c3 a6 24. Qd3 Bf7 25. Ne3 Ne7 26. Nc1 Qc7 27. Qf1 Qc5
28. Qf2 Bh6 29. Nf1 Qxf2+ 30. Kxf2 b5 31. Nd3 Nc6 32. Re1 Bg7 33. b3 e4 34. Nb4
Nxb4 35. cxb4 Re8 36. Rc1 Re6 37. Ng3 e3+ 38. Ke2 d4 39. Kd3 Be5 40. Ne2 Rd6
41. Rc5 1/2-1/2

[Event "DVM U20w 2012"]
[Site "Osnabrück GER"]
[Date "2012.12.30"]
[Round "7"]
[White "Möller, Hannah"]
[Black "Schneider, Jana"]
[Result "0-1"]
[Termination "normal"]
[Board "3.4"]
[WhiteElo "1339"]
[BlackElo "1652"]
[WhiteTeam "SV Lingen"]
[BlackTeam "SpVgg Stetten"]
[WhiteFideId "1270514"]
[BlackFideId "12924997"]
[EventCountry "GER"]
[EventRounds "7"]
[EventType "team-swiss"]
[EventDate "2012.12.26"]

1. c4 e5 2. Nc3 Nc6 3. g3 f5 4. Bg2 Nf6 5. Nf3 g6 6. d3 Bg7 7. O-O d6 8. Rb1 a5
9. Bg5 h6 10. Bxf6 Qxf6 11. Nd5 Qf7 12. e3 O-O 13. a3 g5 14. Nd2 f4 15. exf4
exf4 16. Qe2 Nd4 17. Qd1 f3 18. Bh1 Ne2+ 0-1

[Event "DVM U20w 2012"]
[Site "Osnabrück GER"]
[Date "2012.12.30"]
[Round "7"]
[White "Sonnhalter, Stella"]
[Black "Evers, Annika"]
[Result "1-0"]
[Termination "normal"]
[Board "4.1"]
[WhiteElo "1839"]
[BlackElo "1794"]
[WhiteTeam "SC Reti Heusweiler"]
[BlackTeam "SC Leipzig-Lindenau"]
[WhiteFideId "4624815"]
[BlackFideId "24691933"]
[EventCountry "GER"]
[EventRounds "7"]
[EventType "team-swiss"]
[EventDate "2012.12.26"]

1. e4 c5 2. Nc3 Nc6 3. f4 e6 4. Nf3 g6 5. Bc4 Bg7 6. d3 Nge7 7. O-O O-O 8. Qe1
d5 9. Bb3 Nd4 10. f5 exf5 11. Nxd5 Nxb3 12. Nxe7+ Qxe7 13. axb3 fxe4 14. dxe4
b6 15. e5 Bb7 16. Bg5 Qe6 17. Bf4 Rfe8 18. Rd1 Qf5 19. Ng5 Qg4 20. Qf2 f6 21.
h3 Qf5 22. exf6 Bxf6 23. Qh4 Bxg5 24. Bxg5 Qxc2 25. Rd2 Qxb3 26. Rd7 h5 27.
Rxb7 Qd5 28. Rff7 Re4 29. Rg7+ Kh8 30. Rh7+ Kg8 31. Rbg7+ Kf8 32. Qf2+ Qf5 33.
Rf7+ 1-0

[Event "DVM U20w 2012"]
[Site "Osnabrück GER"]
[Date "2012.12.30"]
[Round "7"]
[White "Brühan, Caren"]
[Black "Spangenberg, Pia"]
[Result "1-0"]
[Termination "normal"]
[Board "4.3"]
[WhiteElo "1627"]
[BlackElo "1849"]
[WhiteTeam "SC Reti Heusweiler"]
[BlackTeam "SC Leipzig-Lindenau"]
[WhiteFideId "24691976"]
[BlackFideId "4627989"]
[EventCountry "GER"]
[EventRounds "7"]
[EventType "team-swiss"]
[EventDate "2012.12.26"]

1. d4 d5 2. Nf3 Nf6 3. e3 Bg4 4. Bd3 e6 5. O-O Bd6 6. Nbd2 c6 7. c3 Nbd7 8. e4
Bxf3 9. Qxf3 dxe4 10. Nxe4 Nxe4 11. Bxe4 Nf6 12. Bc2 O-O 13. Bg5 h6 14. Bxf6
Qxf6 15. Qxf6 gxf6 16. Rfe1 f5 17. Re3 Kg7 18. Rae1 Rh8 19. Rf1 h5 20. f4 h4
21. Rh3 Rag8 22. g3 Kf8 23. Kg2 b6 24. Rf2 hxg3 25. hxg3 Rxh3 26. Kxh3 Ke7 27.
Kg2 f6 28. Bb3 Kd7 29. Kf3 e5 30. Bxg8 e4+ 31. Ke3 c5 32. Rh2 cxd4+ 33. cxd4
Kc6 34. Rh5 1-0

[Event "DVM U20w 2012"]
[Site "Osnabrück GER"]
[Date "2012.12.30"]
[Round "7"]
[White "Nguyen Minh, Thuy"]
[Black "Wilke, Tabea"]
[Result "1-0"]
[Termination "normal"]
[Board "5.1"]
[WhiteElo "1962"]
[BlackElo "1430"]
[WhiteTeam "USG Chemnitz"]
[BlackTeam "SC 1979 Hattersheim"]
[WhiteFideId "24672688"]
[BlackFideId "12910015"]
[EventCountry "GER"]
[EventRounds "7"]
[EventType "team-swiss"]
[EventDate "2012.12.26"]

1. e4 c5 2. Nf3 Nc6 3. d4 cxd4 4. Nxd4 Nf6 5. Nc3 e5 6. Ndb5 d6 7. Nd5 Nxd5 8.
exd5 Ne7 9. c3 a6 10. Qa4 axb5 11. Bxb5+ Bd7 12. Bxd7+ Qxd7 13. Qxa8+ Nc8 14.
O-O Be7 15. Qa5 O-O 16. f4 Bd8 17. Qb4 Bb6+ 18. Kh1 Re8 19. fxe5 Rxe5 20. Bf4
Bc5 21. Qb3 Re2 22. Rae1 Rxe1 23. Rxe1 1-0

[Event "DVM U20w 2012"]
[Site "Osnabrück GER"]
[Date "2012.12.30"]
[Round "7"]
[White "Rosmanitz, Anna"]
[Black "Blübaum, Johanna"]
[Result "1-0"]
[Termination "normal"]
[Board "5.2"]
[WhiteElo "1606"]
[BlackElo "1930"]
[WhiteTeam "SC 1979 Hattersheim"]
[BlackTeam "USG Chemnitz"]
[WhiteFideId "12910058"]
[BlackFideId "24647373"]
[EventCountry "GER"]
[EventRounds "7"]
[EventType "team-swiss"]
[EventDate "2012.12.26"]

1. e4 e6 2. d4 d5 3. Nd2 Nf6 4. e5 Nfd7 5. Bd3 c5 6. c3 Nc6 7. Ngf3 cxd4 8.
cxd4 Qb6 9. O-O Nxd4 10. Nxd4 Qxd4 11. Nf3 Qb6 12. Qa4 Bc5 13. Qg4 g6 14. b3
Nxe5 15. Nxe5 Bd4 16. Qf4 f6 17. Qxf6 Rf8 18. Bxg6+ hxg6 19. Qxg6+ Ke7 20. Qg7+
1-0

[Event "DVM U20w 2012"]
[Site "Osnabrück GER"]
[Date "2012.12.30"]
[Round "7"]
[White "Oltmanns, Bianca"]
[Black "Goldhausen, Nina"]
[Result "1-0"]
[Termination "normal"]
[Board "5.3"]
[WhiteElo "1705"]
[BlackElo "1093"]
[WhiteTeam "USG Chemnitz"]
[BlackTeam "SC 1979 Hattersheim"]
[WhiteFideId "24698008"]
[BlackFideId "12927309"]
[EventCountry "GER"]
[EventRounds "7"]
[EventType "team-swiss"]
[EventDate "2012.12.26"]

1. e4 d5 2. exd5 Qxd5 3. Nc3 Qa5 4. d4 Bf5 5. Nf3 c6 6. Bd3 Bxd3 7. Qxd3 Nf6 8.
O-O Nbd7 9. Bf4 e6 10. Rfe1 h6 11. a3 Nh5 12. Be5 Nxe5 13. Rxe5 Qc7 14. Rxh5
O-O-O 15. Re5 Bd6 16. Ree1 Kb8 17. Rad1 Qe7 18. Qe4 g6 19. Ne5 Bxe5 20. Qxe5+
Ka8 21. d5 Qd6 22. Qxd6 Rxd6 23. dxe6 Rxe6 24. Rxe6 fxe6 25. Rd6 Re8 26. Ne2 g5
27. Nd4 e5 28. Re6 Rxe6 29. Nxe6 Kb8 30. Nd8 Kc7 31. Nf7 e4 32. Nxh6 Kd7 33.
Nf7 Ke7 34. Nxg5 1-0

[Event "DVM U20w 2012"]
[Site "Osnabrück GER"]
[Date "2012.12.30"]
[Round "7"]
[White "Heyd, Julia"]
[Black "Scheibe, Lydia"]
[Result "0-1"]
[Termination "normal"]
[Board "5.4"]
[WhiteElo "885"]
[BlackElo "1105"]
[WhiteTeam "SC 1979 Hattersheim"]
[BlackTeam "USG Chemnitz"]
[WhiteFideId "12927317"]
[EventCountry "GER"]
[EventRounds "7"]
[EventType "team-swiss"]
[EventDate "2012.12.26"]

1. e4 e5 2. Nf3 Nc6 3. Bc4 Bc5 4. c3 Nf6 5. d3 d5 6. Bxd5 Nxd5 7. exd5 Qxd5 8.
Be3 Be7 9. d4 exd4 10. cxd4 Bd6 11. Nc3 Qf5 12. Ne2 O-O 13. O-O Qg6 14. Ng3 Ne7
15. Qd2 h6 16. Rfe1 Nf5 17. Bf4 Nxg3 18. fxg3 Qf6 19. Be5 Bxe5 20. dxe5 Qb6+
21. Kh1 Be6 22. Nd4 Rad8 23. Red1 c5 24. Nxe6 Rxd2 25. Rxd2 Qxe6 26. Re1 Qxa2
27. Rd5 Qxd5 0-1

[Event "DVM U20w 2012"]
[Site "Osnabrück GER"]
[Date "2012.12.30"]
[Round "7"]
[White "Höschen, Franziska"]
[Black "Reck, Jessica"]
[Result "1-0"]
[Termination "normal"]
[Board "6.1"]
[WhiteElo "1572"]
[BlackElo "1288"]
[WhiteTeam "Schachfreunde Paderborn 2000 e.V."]
[BlackTeam "SG Blau-Weiß 1948 Leegebruch"]
[BlackFideId "12917931"]
[EventCountry "GER"]
[EventRounds "7"]
[EventType "team-swiss"]
[EventDate "2012.12.26"]

1. e4 e6 2. Nc3 d5 3. Nf3 Nf6 4. exd5 exd5 5. d4 Bg4 6. Be2 c6 7. Bf4 Be7 8.
O-O O-O 9. h3 Nh5 10. Bxb8 Qxb8 11. hxg4 Nf4 12. g3 Nh3+ 13. Kg2 Ng5 14. Nxg5
Bxg5 15. Bd3 g6 16. Re1 Qd6 17. Ne2 Rae8 18. c3 Re7 19. Ng1 Rfe8 20. Rxe7 Rxe7
21. f4 Bh6 22. Qd2 Qe6 23. Qe2 Qd7 24. Qf3 Qe8 25. Kf2 f6 26. Rd1 g5 27. f5 Bf8
28. Rd2 b6 29. Re2 Rxe2+ 30. Qxe2 Qxe2+ 31. Nxe2 Kf7 32. c4 Ke7 33. cxd5 cxd5
34. Nc3 Kf7 35. Nxd5 Bd6 36. Bc4 Kg7 37. a4 h6 38. Kf3 Bf8 39. b4 Bd6 40. a5
bxa5 41. bxa5 Kf7 42. Nb4+ Ke8 43. Nc6 Bc7 44. Ke4 Kd7 45. Kd5 Bd8 46. Nxd8
Kxd8 47. Kd6 1-0

[Event "DVM U20w 2012"]
[Site "Osnabrück GER"]
[Date "2012.12.30"]
[Round "7"]
[White "Reyher, Susan"]
[Black "Bünte, Ellen"]
[Result "0-1"]
[Termination "normal"]
[Board "6.2"]
[WhiteElo "1332"]
[BlackElo "1397"]
[WhiteTeam "SG Blau-Weiß 1948 Leegebruch"]
[BlackTeam "Schachfreunde Paderborn 2000 e.V."]
[WhiteFideId "24686107"]
[BlackFideId "12964204"]
[EventCountry "GER"]
[EventRounds "7"]
[EventType "team-swiss"]
[EventDate "2012.12.26"]

1. e4 c6 2. d4 d5 3. Nc3 dxe4 4. Nxe4 Bf5 5. Ng3 Bg6 6. Nf3 Nf6 7. Bc4 e6 8.
Bf4 Bd6 9. Bxd6 Qxd6 10. O-O Nbd7 11. Re1 O-O 12. Qd2 Rad8 13. c3 Nd5 14. Bxd5
cxd5 15. Ne5 Nxe5 16. Rxe5 b5 17. a3 a5 18. Ree1 Rc8 19. Ne2 Qb6 20. Nf4 Bf5
21. Nd3 Rc7 22. Re3 Rfc8 23. Rae1 Bxd3 24. Rxd3 b4 25. axb4 axb4 26. cxb4 Rc2
27. Qe3 Qxb4 28. Rb3 Qd2 29. Qxd2 Rxd2 30. Rb4 Kf8 31. b3 Rb2 32. h3 Rc3 33.
Re3 Rc1+ 34. Kh2 Rf1 35. Rb8+ Ke7 36. Rb7+ Ke8 37. Rb8+ Ke7 38. Rb7+ Kd6 39.
Rxf7 Rfxf2 40. Rxg7 Rfd2 41. Rxh7 Rxg2+ 42. Kh1 Rgd2 43. Rg7 Rd1+ 44. Rg1 Rxd4
45. Rg6 Rd1+ 46. Rg1 Rxg1+ 47. Kxg1 d4 48. Rf3 Kd5 49. h4 Ke4 50. Rf2 Rxb3 51.
Re2+ Kd5 52. Kg2 e5 53. h5 d3 54. Rd2 Rc3 55. Kf3 Kd4 56. h6 e4+ 57. Kf4 Rc8
58. h7 Rh8 59. Rh2 e3 60. Rh4 e2 61. Kf3+ Kc3 62. Kf2 Kd2 63. Rh1 Rxh7 64. Rxh7
e1=Q+ 65. Kg2 Qe4+ 0-1

[Event "DVM U20w 2012"]
[Site "Osnabrück GER"]
[Date "2012.12.30"]
[Round "7"]
[White "Schrödter, Lisa"]
[Black "Sauer, Annika"]
[Result "0-1"]
[Termination "normal"]
[Board "6.3"]
[WhiteElo "1091"]
[BlackElo "1341"]
[WhiteTeam "Schachfreunde Paderborn 2000 e.V."]
[BlackTeam "SG Blau-Weiß 1948 Leegebruch"]
[BlackFideId "12952052"]
[EventCountry "GER"]
[EventRounds "7"]
[EventType "team-swiss"]
[EventDate "2012.12.26"]

1. e4 d5 2. exd5 Qxd5 3. Nc3 Qa5 4. Nf3 Nf6 5. Bc4 Bg4 6. O-O c6 7. d4 Qc7 8.
Re1 e6 9. a3 Bd6 10. Qd3 Bxf3 11. Qxf3 Bxh2+ 12. Kh1 Bd6 13. Ne4 Nbd7 14. g3
Nxe4 15. Rxe4 Nf6 16. Rh4 O-O-O 17. Bf4 Bxf4 18. Rxf4 Qb6 19. b4 Rxd4 20. Rd1
Rxf4 21. Qxf4 Rd8 22. Re1 Rd4 23. Bxe6+ fxe6 24. Qe5 Qd8 25. Qxe6+ Qd7 26. Qe3
Re4 27. Qc3 Qd4 28. Qxd4 Rxd4 29. Kg2 Rd2 30. c4 Kd7 31. c5 Ng4 32. Rf1 Ne3+
33. Kg1 Nxf1 34. Kxf1 Ra2 35. f4 Ke6 36. g4 Rxa3 37. Kf2 Kd5 38. f5 Ke4 0-1

[Event "DVM U20w 2012"]
[Site "Osnabrück GER"]
[Date "2012.12.30"]
[Round "7"]
[White "Wolff, Marie Antoinette"]
[Black "Höschen, Annika"]
[Result "1-0"]
[Termination "normal"]
[Board "6.4"]
[WhiteElo "1130"]
[BlackElo "1169"]
[WhiteTeam "SG Blau-Weiß 1948 Leegebruch"]
[BlackTeam "Schachfreunde Paderborn 2000 e.V."]
[WhiteFideId "12908258"]
[EventCountry "GER"]
[EventRounds "7"]
[EventType "team-swiss"]
[EventDate "2012.12.26"]

1. c4 e5 2. Nc3 Nc6 3. g3 g6 4. Bg2 Bg7 5. d3 Nf6 6. Nf3 O-O 7. O-O d6 8. Rb1
Bd7 9. b4 Qc8 10. b5 Ne7 11. Re1 c6 12. a4 cxb5 13. axb5 a6 14. Bd2 axb5 15.
Nxb5 Bxb5 16. Rxb5 e4 17. Ng5 exd3 18. exd3 Nc6 19. Be3 Ra5 20. Bxc6 Rxb5 21.
Bxb5 d5 22. cxd5 Nxd5 23. Bc4 Nxe3 24. Rxe3 Qc7 25. Qb3 Bh6 26. h4 Bxg5 27.
hxg5 Ra8 28. Rf3 Rf8 29. Kg2 b6 30. Rf6 Qb7+ 31. Bd5 Qd7 32. Rxb6 Rd8 33. Be4
Rf8 34. Rb7 Qc6 35. Bd5 Qe8 36. d4 Kg7 37. Qc3 Qd8 38. Qf3 Qxg5 39. Rxf7+ Rxf7
40. Qxf7+ Kh6 41. Qf8+ Kh5 42. Bf3+ 1-0